000 00611nam a22001815i 4500
001 98672
003 ES-MaACL
005 20250907063058.0
007 t|
008 950920s1899 sp ||||1| spa d
040 _aCAM
_bspa
_cCAM
100 1 _aElías de Molins, José,
_d1848-1928
_946975
245 1 0 _aProblemas sociales y económicos
_b: algo con ocasión del proyecto de presupuestos de 1899-1900 /
_cpor José Elías de Molins.
260 _aBarcelona :
_b[s.n.],
_c1899 (
_fTip. de "El Heraldo")
300 _a41, [6] p. ;
_c22 cm.
852 _aES-MaACL
_jT-922-F-6
999 _c98672
_d98672